000 00252 a2200097 4500
005 20251113092948.0
020 _a9789914444148
245 _aNew Progresssive primary English ; Learners Book Grade 1
260 _bOxford University Press
_c2024
942 _cBK
999 _c59930
_d59930